Name each Call of Duty Title-In Order! - Statistics

General Stats
  • This quiz has been taken 286 times
  • The average score is 10 of 13
Answer Stats
Hint Answer % Correct
2003 Call of Duty
97%
2007 Call of Duty 4: Modern Warfare
94%
2010 Call of Duty: Black Ops
93%
2012 Call of Duty: Black Ops 2
92%
2006 Call of Duty 3
91%
2004 Call of Duty 2
90%
2011 Call of Duty: Modern Warfare 3
87%
2008 Call of Duty: World at War
83%
2013 Call of Duty: Ghosts
80%
2014 Call of Duty: Advanced Warfare
78%
2009 Call of Duty: Modern Warfare 2
76%
2005 Call of Duty 2: Big Red One
36%
2007 Call of Duty: Roads to Victory
9%
No matching quizzes found
Score Distribution
Percent of People with Each Score
Percentile by Number Answered
Your Score History
You have not taken this quiz